Primenenije matematiki i elektronnoj techniki v planirovanii

Salvato in:
Dettagli Bibliografici
Natura: Libro
Lingua:russo
Pubblicazione: Moskva : I.E.L, 1961
Tags: Aggiungi Tag
Nessun Tag, puoi essere il primo ad aggiungerne!!

MARC

LEADER 00000nam a22000003a 4500
001 stu40839
005 20141122045123.8
008 930531s1961----xxr-----------------rus-d
040 |a STU  |b slo 
041 0 |a rus 
044 |a xxr 
245 |a Primenenije matematiki i elektronnoj techniki v planirovanii 
260 |a Moskva :  |b I.E.L,  |c 1961 
300 |a 290 s 
996 |b 284M002374  |c M*4916-1  |l MMKN  |s A  |a 24  |w stu40839_0001